000 00924nas a2200301 4500
001 BR0405496
003 BR-BrBNA
005 20231205105001.0
007 ta
008 230509b bl.|||p| |||| 00| 00por d
040 _aBR-BrBNA
_bpor
_cBiblioteca Nacional de Agricultura
041 _a(Pt)
072 _aF01; F03
100 1 _aMachado, R.F.
100 1 _aSchuch, L.O.B.
245 1 _aProdução de forragem e de sementes de aveia-branca em função do vigor de sementes e população de plantas
650 _aAVEIA
650 _aSEMENTE
650 _aRENDIMENTO
650 _aPRODUÇÃO VEGETAL
650 _aFORRAGEM
650 _aANÁLISE ESTATÍSTICA
650 _aENVELHECIMENTO PRECOCE
650 _aPOPULAÇÃO DE PLANTA
773 0 _tRevista Científica Rural (Brazil)
_xISSN 1413-8263
_g(2004), v. 9(1) p. 126-136
_wBR0405496
909 _a202311
_bLúcia
_c55
_dLúcia Elande
942 _2AGRIS
_n0
_cANA
999 _c180625
_d180625